| 000 | 01337cam a2200349 a 4500 | ||
|---|---|---|---|
| 001 | 15515186 | ||
| 003 | EG-ScBUE | ||
| 005 | 20220830105605.0 | ||
| 008 | 081107s2009 enka f b 001 0 eng d | ||
| 020 | _a9780415467629 (pbk : alk. paper) | ||
| 020 | _a0415467624 (pbk : alk. paper) | ||
| 035 | _a(OCoLC)ocn270232294 | ||
| 040 |
_aDLC _beng _erda _cDLC _dYDX _dYDXCP _dBWK _dCDX _dDLC _dEG-ScBUE |
||
| 082 | 0 | 4 |
_a711.558 _222 _bPIT |
| 100 | 1 |
_aPitts, Adrian C., _eauthor. _912882 |
|
| 245 | 1 | 0 |
_aSustainable Olympic design and urban development / _cAdrian Pitts and Hanwen Liao. |
| 264 | 1 |
_aLondon ; _aNew York : _bRoutledge, _c2009. |
|
| 300 |
_aviii, 238 pages : _billustrations, maps ; _c26 cm |
||
| 336 |
_2rdacontent _atext _btxt |
||
| 337 |
_2rdamedia _aunmediated _bn |
||
| 338 |
_2rdacarrier _avolume _bnc |
||
| 504 | _aIncludes bibliographical references and index. | ||
| 650 | 7 |
_aOlympics _xEnvironmental aspects. _912883 _2BUEsh |
|
| 650 | 7 |
_aCity planning _xEnvironmental aspects. _912884 _2BUEsh |
|
| 650 | 7 |
_aSustainable development. _912885 _2BUEsh |
|
| 651 | _2BUEsh | ||
| 653 | _bART | ||
| 655 |
_vReading book _934232 |
||
| 700 | 1 |
_aLiao, Hanwen, _eauthor. _912886 |
|
| 942 |
_2ddc _cBB |
||
| 999 |
_c13730 _d13730 |
||